Eurovision Song Contest Winners - Statistics

General Stats
  • This quiz has been taken 87 times
  • The average score is 67 of 70
Answer Stats
Hint Answer % Correct
1958 France
100%
1960 France
100%
1962 France
100%
1969 France
100%
1977 France
100%
1982 Germany
100%
2010 Germany
100%
1974 Sweden
100%
1984 Sweden
100%
1991 Sweden
100%
1999 Sweden
100%
2012 Sweden
100%
2015 Sweden
100%
2023 Sweden
100%
1967 United Kingdom
100%
1969 United Kingdom
100%
1976 United Kingdom
100%
1981 United Kingdom
100%
1997 United Kingdom
100%
1985 Norway
99%
1995 Norway
99%
2009 Norway
99%
2004 Ukraine
99%
2016 Ukraine
99%
2022 Ukraine
99%
1963 Denmark
97%
2000 Denmark
97%
2013 Denmark
97%
1970 Ireland
97%
1980 Ireland
97%
1987 Ireland
97%
1992 Ireland
97%
1993 Ireland
97%
1994 Ireland
97%
1996 Ireland
97%
1978 Israel
97%
1979 Israel
97%
1998 Israel
97%
2018 Israel
97%
1957 Netherlands
97%
1959 Netherlands
97%
1969 Netherlands
97%
1975 Netherlands
97%
2019 Netherlands
97%
2008 Russia
97%
1968 Spain
97%
1969 Spain
97%
1964 Italy
96%
1990 Italy
96%
2021 Italy
96%
2017 Portugal
96%
1966 Austria
94%
2014 Austria
94%
2001 Estonia
94%
2006 Finland
94%
1986 Belgium
93%
1956 Switzerland
93%
1988 Switzerland
93%
1961 Luxembourg
92%
1965 Luxembourg
92%
1972 Luxembourg
92%
1973 Luxembourg
92%
1983 Luxembourg
92%
2007 Serbia
90%
2002 Latvia
89%
2005 Greece
87%
2003 Turkey
83%
2011 Azerbaijan
79%
1989 Yugoslavia
79%
1971 Monaco
75%
No matching quizzes found
Score Distribution
Percent of People with Each Score
Percentile by Number Answered
Your Score History
You have not taken this quiz